|
|
|
|
| LEADER |
000000sb a2200000 a 4500 |
| 005 |
20230308203716.0 |
| 008 |
002121| ||||||||r|||||||||||spa|| |
| 022 |
|
|
|a 1137-6635
|
| 040 |
|
|
|b spa
|
| 041 |
0 |
|
|a Es
|
| 082 |
0 |
|
|a 617.605
|b 29837-3
|
| 100 |
1 |
|
|a Zitzmann, Nicola U.Scharer, PeterMarinello, Carlo páginas:Schupbach, PeterBerglundh, Tord
|9 278401
|
| 245 |
|
|
|a Aumento de la cresta alveolar con Bio-Oss: estudio histológico en humanos
|c Nicola U. Zitzmann, et. al.
|h imp
|
| 264 |
|
|
|a Barcelona
|b Quintessence, S. L.
|c 2001
|
| 300 |
|
|
|a páginas: 293-300
|
| 300 |
|
|
|b ilus.
|
| 310 |
|
|
|a bimestral
|
| 362 |
|
|
|a 5; 3
|
| 520 |
3 |
|
|a El objetivo de este estudio fue investigar la curación de los defectos de la cresta alveolar, aumentados con hueso mineral esponjoso de origen bovino.
|
| 650 |
1 |
|
|a Periodoncia
|9 3934
|
| 650 |
1 |
|
|a Bio-Oss
|9 278402
|
| 650 |
1 |
|
|a Cresta alveolar
|9 278013
|
| 650 |
1 |
|
|a Implantes
|9 3372
|
| 710 |
|
|
|a International Quintessence Publishing Group
|9 91976
|
| 773 |
0 |
|
|0 29837
|9 29837
|a Zitzmann, Nicola U.Scharer, PeterMarinello, Carlo páginas:Schupbach, PeterBerglundh, Tord International Quintessence Publishing Group
|d Barcelona Quintessence, S. L. 2001
|o 29837
|w 29837
|x 1137-6635
|t Revista Internacional de Odontología restauradora y Periodoncia
|6 29837
|
| 852 |
|
|
|a UC-SALUD
|c HEMEROTECA
|f Compra
|k luis.contrerase
|l 1
|m General
|p 20021217
|q $ 160
|b 0
|d CDRS
|e CDRS
|g 617.605 29837-3 HEMEROTECA
|z 2002-21-21
|
| 942 |
|
|
|c SERA
|
| 999 |
|
|
|c 106785
|d 106785
|